[Event "BC Masters"]
[Site "Bois Colombes FRA"]
[Date "2004.12.19"]
[Round "1"]
[White "Okhotnik, Vladimir"]
[Black "Roussel-Roozmon, Thomas"]
[Result "1/2-1/2"]
[WhiteElo "2426"]
[BlackElo "2425"]
[PlyCount "146"]
[EventDate "2004.12.19"]
[EventType "tourn"]
[EventRounds "9"]
[EventCountry "FRA"]
[EventCategory "8"]
[Source "Mark Crowther"]
[SourceDate "2004.12.27"]

1. e4 e5 2. Nf3 Nf6 3. Nxe5 d6 4. Nf3 Nxe4 5. Bd3 Nf6 6. O-O Be7 7. h3 O-O 8.
c3 Nbd7 9. Bc2 Re8 10. d4 b6 11. c4 Ba6 12. Bd3 d5 13. cxd5 Bxd3 14. Qxd3 Nxd5
15. Qc4 N7f6 16. Nc3 Nxc3 17. bxc3 Qd5 18. Qb3 h6 19. c4 Qb7 20. Bb2 Rad8 21.
Rfe1 Ne4 22. Re2 Bf6 23. Rae1 Nd6 24. Ne5 Nf5 25. Ng4 Be7 26. Re5 Qc8 27. Qa4
a5 28. Qc6 Kf8 29. c5 bxc5 30. dxc5 f6 31. Re6 Qd7 32. Qf3 Qd5 33. Qc3 Kf7 34.
Qxa5 Qxe6 35. Rxe6 Kxe6 36. Qxc7 Rc8 37. Qf4 Rxc5 38. Ba3 Bd6 39. Qa4 Rcc8 40.
Qb3+ Ke7 41. Ne3 Kf8 42. Bxd6+ Nxd6 43. Qb4 Re6 44. a4 Kg8 45. a5 Ne8 46. Nf5
Kh7 47. Kh2 Ra8 48. Ne3 Rea6 49. Nc4 Nc7 50. Qb1+ Kh8 51. Qf5 R8a7 52. h4 Ne6
53. Qb5 Nc7 54. Qb8+ Kh7 55. h5 Nd5 56. Qe8 Ne7 57. g4 Rc7 58. Qb5 Rca7 59. f4
Nc6 60. Qf5+ Kh8 61. Nd6 Ne7 62. Qb5 Rxa5 63. Nf7+ Kh7 64. Qe8 Ra2+ 65. Kg1
Ra1+ 66. Kf2 R1a2+ 67. Ke1 Ra1+ 68. Kd2 R1a2+ 69. Kd3 R2a3+ 70. Kc4 R3a4+ 71.
Kc5 R4a5+ 72. Kb4 Ra4+ 73. Kb3 Ra3+ 1/2-1/2

[Event "BC Masters"]
[Site "Bois Colombes FRA"]
[Date "2004.12.20"]
[Round "2"]
[White "Marcelin, Cyril"]
[Black "Roussel-Roozmon, Thomas"]
[Result "0-1"]
[WhiteElo "2453"]
[BlackElo "2425"]
[PlyCount "36"]
[EventDate "2004.12.19"]
[EventType "tourn"]
[EventRounds "9"]
[EventCountry "FRA"]
[EventCategory "8"]
[Source "Mark Crowther"]
[SourceDate "2004.12.27"]

1. c4 c5 2. g3 Nc6 3. Bg2 g6 4. Nc3 Bg7 5. d3 d6 6. Nf3 e5 7. O-O Nge7 8. a3
O-O 9. Rb1 a5 10. Ne1 Be6 11. Bg5 f6 12. Bd2 d5 13. cxd5 Nxd5 14. Qb3 a4 15.
Qxb7 Na5 16. Qb5 Nb3 17. Qc6 Nd4 18. Qxc5 Ra5 0-1

[Event "BC Masters"]
[Site "Bois Colombes FRA"]
[Date "2004.12.21"]
[Round "3"]
[White "Roussel-Roozmon, Thomas"]
[Black "Shchekachev, Andrei"]
[Result "1/2-1/2"]
[WhiteElo "2425"]
[BlackElo "2546"]
[PlyCount "294"]
[EventDate "2004.12.19"]
[EventType "tourn"]
[EventRounds "9"]
[EventCountry "FRA"]
[EventCategory "8"]
[Source "Mark Crowther"]
[SourceDate "2004.12.27"]

1. Nf3 g6 2. c4 Bg7 3. Nc3 c5 4. g3 Nc6 5. Bg2 d6 6. O-O e6 7. a3 Nge7 8. Rb1
O-O 9. d3 b6 10. Bd2 Bb7 11. b4 Qd7 12. e3 Rad8 13. Qe2 Rfe8 14. Rfc1 h6 15.
Ne1 Nf5 16. Qf1 Nce7 17. Bxb7 Qxb7 18. Qg2 Qd7 19. Nc2 d5 20. cxd5 exd5 21.
bxc5 bxc5 22. Ne2 Rb8 23. Bc3 Rxb1 24. Rxb1 d4 25. exd4 Nd5 26. Qf3 Rxe2 27.
Qxe2 Nxc3 28. Rb8+ Kh7 29. Qe8 Qxe8 30. Rxe8 Nxd4 31. Nxd4 Bxd4 32. Ra8 Kg7 33.
Rxa7 c4 34. Rd7 cxd3 35. Kf1 d2 36. Rxd4 d1=Q+ 37. Rxd1 Nxd1 38. a4 Nc3 39. a5
Kf6 40. a6 Nb5 41. Ke2 Ke5 42. Kd3 Kd5 43. g4 Na7 44. h3 Nc6 45. Ke3 Ke5 46.
Kd2 Kd4 47. Ke2 f5 48. Kf3 Ke5 49. gxf5 gxf5 50. Ke3 f4+ 51. Kd2 Ke4 52. Kc3
Kf3 53. Kc4 Kxf2 54. Kc5 Na7 55. Kb6 f3 56. Kxa7 Kg3 57. Kb6 f2 58. a7 f1=Q 59.
a8=Q Kxh3 60. Qc8+ Kh4 61. Qd8+ Kg3 62. Qd6+ Qf4 63. Qg6+ Kf3 64. Qh5+ Kf2 65.
Ka6 Qf6+ 66. Ka7 Kg3 67. Qh1 Qf2+ 68. Kb8 Qe3 69. Qh5 Qf4+ 70. Ka7 Qg5 71. Qh1
Qc5+ 72. Kb7 h5 73. Qe1+ Kf3 74. Qd1+ Kf4 75. Qf1+ Kg5 76. Qg2+ Kf6 77. Qf3+
Qf5 78. Qc3+ Qe5 79. Qf3+ Kg7 80. Qg2+ Kh6 81. Qd2+ Qg5 82. Qd6+ Kh7 83. Qd3+
Qg6 84. Qh3 Qg7+ 85. Kb8 Qe5+ 86. Ka7 Kh6 87. Qh4 Qg5 88. Qh3 Qe7+ 89. Ka8 Qe4+
90. Ka7 h4 91. Qf1 Qe3+ 92. Ka8 Kg5 93. Qg2+ Kf5 94. Qf1+ Kg4 95. Qg2+ Kh5 96.
Qf1 h3 97. Qf5+ Kh4 98. Qf6+ Kg3 99. Qg6+ Kf2 100. Qc2+ Kg1 101. Qd1+ Kg2 102.
Qg4+ Kh2 103. Kb7 Qg3 104. Qd4 Qf3+ 105. Ka6 Kg2 106. Qd2+ Kg3 107. Qe1+ Kg4
108. Qe6+ Qf5 109. Qe2+ Kg5 110. Qe3+ Kg6 111. Qg3+ Kh5 112. Qh2 Qf1+ 113. Ka7
Kg4 114. Qe5 Qf2+ 115. Ka6 Qf1+ 116. Ka7 Qf7+ 117. Ka6 Qg6+ 118. Ka7 Qh7+ 119.
Kb8 Qf5 120. Qe2+ Kg3 121. Qe3+ Kh4 122. Qe1+ Kg5 123. Qg3+ Kf6 124. Qh4+ Kf7
125. Qc4+ Qe6 126. Qf4+ Ke8 127. Qa4+ Ke7 128. Qh4+ Kf7 129. Qh5+ Kf6 130. Qh4+
Ke5 131. Qg3+ Ke4 132. Qe1+ Kf5 133. Qf2+ Kg5 134. Qd2+ Kg6 135. Qd3+ Qf5 136.
Qd6+ Kg5 137. Qd8+ Kg4 138. Qd1+ Qf3 139. Qd7+ Kg3 140. Qg7+ Kh2 141. Ka7 Qf2+
142. Ka6 Qf1+ 143. Ka5 Qf5+ 144. Ka6 Qd3+ 145. Ka5 Qd2+ 146. Ka6 Qa2+ 147. Kb6
Qb1+ 1/2-1/2

[Event "BC Masters"]
[Site "Bois Colombes FRA"]
[Date "2004.12.22"]
[Round "4"]
[White "Abergel, Thal"]
[Black "Roussel-Roozmon, Thomas"]
[Result "1/2-1/2"]
[WhiteElo "2428"]
[BlackElo "2425"]
[PlyCount "152"]
[EventDate "2004.12.19"]
[EventType "tourn"]
[EventRounds "9"]
[EventCountry "FRA"]
[EventCategory "8"]
[Source "Mark Crowther"]
[SourceDate "2004.12.27"]

1. d4 Nf6 2. Nf3 e6 3. e3 b6 4. Bd3 Bb7 5. Nbd2 c5 6. b3 d6 7. Bb2 Be7 8. dxc5
dxc5 9. O-O O-O 10. Qe2 Nc6 11. Rad1 Qc7 12. Ng5 g6 13. Qf3 h6 14. Bxf6 hxg5
15. Ba1 f5 16. Bc4 Nd8 17. Qh3 Bf6 18. Bxf6 Rxf6 19. e4 Nf7 20. Qc3 Qe5 21.
Qxe5 Nxe5 22. exf5 Nxc4 23. Nxc4 exf5 24. Rfe1 Raf8 25. f3 Bc6 26. Kf2 Kg7 27.
a4 Kh6 28. Re7 R8f7 29. Rxf7 Rxf7 30. Ne5 Rc7 31. Rd8 Bb7 32. Rg8 Rg7 33. Rh8+
Rh7 34. Nf7+ Kg7 35. Rxh7+ Kxh7 36. Nxg5+ Kg7 37. Ke3 Kf6 38. h4 Bd5 39. Nh3
Bc6 40. c4 Be8 41. Nf4 Bf7 42. Nd3 g5 43. hxg5+ Kxg5 44. Ne5 f4+ 45. Ke4 Be6
46. Nc6 Bf5+ 47. Ke5 Bc2 48. Nxa7 Bxb3 49. Nc8 Bxc4 50. Nxb6 Bf1 51. Nd5 Bxg2
52. Ke4 Bf1 53. Nxf4 Kf6 54. a5 Bb5 55. Nd5+ Kf7 56. Ke5 c4 57. f4 Ba6 58. Kd4
Kg6 59. Nb4 Bc8 60. Kxc4 Kf5 61. Nd5 Ke4 62. Kc5 Bb7 63. Kd6 Kf5 64. Kc5 Ke4
65. Kd6 Kf5 66. Nb4 Kxf4 67. Kc7 Ba8 68. Kb8 Bg2 69. a6 Ke5 70. Kc7 Ba8 71.
Nd3+ Kd4 72. Kb8 Bh1 73. Nf2 Bg2 74. Ng4 Kc5 75. Ne5 Kb6 76. a7 Bh1 1/2-1/2

[Event "BC Masters"]
[Site "Bois Colombes FRA"]
[Date "2004.12.23"]
[Round "5"]
[White "Roussel-Roozmon, Thomas"]
[Black "Pietrasanta, Jeremy"]
[Result "1/2-1/2"]
[WhiteElo "2425"]
[BlackElo "2242"]
[PlyCount "147"]
[EventDate "2004.12.19"]
[EventType "tourn"]
[EventRounds "9"]
[EventCountry "FRA"]
[EventCategory "8"]
[Source "Mark Crowther"]
[SourceDate "2004.12.27"]

1. d4 Nf6 2. c4 e6 3. Nc3 Bb4 4. Qc2 Nc6 5. Nf3 d6 6. Bd2 e5 7. a3 Bxc3 8. Bxc3
Qe7 9. d5 Nb8 10. e4 O-O 11. Nd2 Nh5 12. O-O-O f5 13. f3 fxe4 14. Nxe4 Bf5 15.
g3 Bg6 16. Bg2 Nd7 17. Qe2 a5 18. b3 b6 19. Kb2 Qd8 20. Be1 Nc5 21. Nc3 Qd7 22.
Bf2 Rae8 23. Rhf1 Re7 24. Bg1 Rfe8 25. Nb5 Nf6 26. h3 e4 27. f4 Bh5 28. g4 Nxg4
29. hxg4 Bxg4 30. Qe3 Bxd1 31. Rxd1 Qg4 32. Rd2 Nd3+ 33. Kc2 Nxf4 34. Bf1 Rf8
35. Nc3 Qg6 36. Bh2 Qh6 37. Bg3 g5 38. Rf2 Qf6 39. Bh3 Qe5 40. Be6+ Kh8 41.
Bxf4 Rxf4 42. Rxf4 gxf4 43. Qxe4 Qxe4+ 44. Nxe4 Rg7 45. Bh3 Rg1 46. b4 Rh1 47.
Bd7 h5 48. bxa5 bxa5 49. Kd2 Rh2+ 50. Ke1 Ra2 51. a4 h4 52. Ng5 Kg8 53. Nh3 Kf8
54. Nxf4 Ke7 55. Bb5 Kf6 56. Nh3 Ke5 57. Kf1 Ke4 58. Bd7 Kd4 59. Bb5 Ke3 60.
Bd7 Rc2 61. Ng1 Rf2+ 62. Ke1 Rc2 63. Kf1 Rf2+ 64. Ke1 Rc2 65. Kf1 Kf4 66. Ne2+
Ke3 67. Ng1 Rxc4 68. Kg2 Kf4 69. Kh3 Ke5 70. Bc6 Kf5 71. Bd7+ Ke5 72. Bc6 Kf6
73. Bd7 Ke5 74. Bc6 1/2-1/2

[Event "BC Masters"]
[Site "Bois Colombes FRA"]
[Date "2004.12.26"]
[Round "6"]
[White "Sebag, Marie"]
[Black "Roussel-Roozmon, Thomas"]
[Result "1/2-1/2"]
[WhiteElo "2428"]
[BlackElo "2425"]
[PlyCount "82"]
[EventDate "2004.12.19"]
[EventType "tourn"]
[EventRounds "9"]
[EventCountry "FRA"]
[EventCategory "8"]
[Source "Mark Crowther"]
[SourceDate "2004.12.27"]

1. e4 e5 2. Nf3 Nf6 3. Nxe5 d6 4. Nf3 Nxe4 5. d4 d5 6. Bd3 Nc6 7. O-O Be7 8. c4
Nb4 9. Be2 O-O 10. Nc3 Bf5 11. a3 Nxc3 12. bxc3 Nc6 13. Re1 Re8 14. cxd5 Qxd5
15. Bf4 Rac8 16. Bd3 Qd7 17. Rb1 Bxd3 18. Qxd3 b6 19. d5 Bf6 20. c4 Ne7 21. Be5
Qf5 22. Qxf5 Nxf5 23. Bxc7 Be7 24. Bg3 f6 25. a4 Kf7 26. a5 Rxc4 27. axb6 axb6
28. Rxb6 Rd8 29. Rb7 Rxd5 30. h3 g5 31. Bb8 h5 32. Nh2 Rcd4 33. Nf1 Rd7 34. Rb5
R4d5 35. Rxd5 Rxd5 36. Ba7 Bc5 37. Bxc5 Rxc5 38. Rd1 Kg6 39. Rd7 Rc1 40. g3 Re1
41. Kg2 Re6 1/2-1/2

[Event "BC Masters"]
[Site "Bois Colombes FRA"]
[Date "2004.12.27"]
[Round "7"]
[White "Roussel-Roozmon, Thomas"]
[Black "Apicella, Manuel"]
[Result "0-1"]
[WhiteElo "2425"]
[BlackElo "2543"]
[PlyCount "100"]
[EventDate "2004.12.19"]
[EventType "tourn"]
[EventRounds "9"]
[EventCountry "FRA"]
[EventCategory "8"]
[Source "Mark Crowther"]
[SourceDate "2005.01.03"]

1. e4 e6 2. d4 d5 3. Nd2 Nf6 4. e5 Nfd7 5. Bd3 c5 6. c3 Nc6 7. Ne2 cxd4 8. cxd4
f6 9. exf6 Nxf6 10. Nf3 Bd6 11. O-O O-O 12. Bf4 Bxf4 13. Nxf4 Ne4 14. Nh5 g6
15. Ng3 Ng5 16. Nxg5 Qxg5 17. Bb5 Ne7 18. Rc1 a6 19. Ba4 b5 20. Bb3 Ra7 21. Rc5
Bd7 22. Qc1 Qf6 23. Qd2 Nc6 24. Ne2 Be8 25. f3 Rg7 26. Rfc1 Ne7 27. Rc7 g5 28.
Ra7 g4 29. f4 b4 30. Rcc7 Nf5 31. Rxg7+ Nxg7 32. Bc2 h5 33. Bd3 h4 34. Rxa6 Bg6
35. Ra4 Rb8 36. Qc2 Bxd3 37. Qxd3 Qf5 38. Qe3 Qe4 39. Qxe4 dxe4 40. Ra5 Rc8 41.
Rc5 Ra8 42. Nc1 Nf5 43. d5 Rd8 44. dxe6 Rd1+ 45. Kf2 e3+ 46. Ke2 Rd2+ 47. Ke1
Nd4 48. Rg5+ Kf8 49. Rxg4 Nc2+ 50. Kf1 e2+ 0-1

[Event "BC Masters"]
[Site "Bois Colombes FRA"]
[Date "2004.12.29"]
[Round "9"]
[White "Roussel-Roozmon, Thomas"]
[Black "Sulypa, Alexandre"]
[Result "1/2-1/2"]
[WhiteElo "2425"]
[BlackElo "2484"]
[PlyCount "95"]
[EventDate "2004.12.19"]
[EventType "tourn"]
[EventRounds "9"]
[EventCountry "FRA"]
[EventCategory "8"]
[Source "Mark Crowther"]
[SourceDate "2005.01.03"]

1. d4 Nf6 2. c4 e6 3. Nc3 Bb4 4. Qc2 c5 5. dxc5 O-O 6. a3 Bxc5 7. Nf3 b6 8. Bf4
Bb7 9. h3 d5 10. e3 Nbd7 11. cxd5 exd5 12. Rd1 Rc8 13. Qb3 a6 14. Be2 b5 15.
O-O Qe7 16. a4 b4 17. a5 Rfd8 18. Na4 Ne4 19. Rc1 Bd6 20. Bxd6 Qxd6 21. Rfd1
Ba8 22. Nd4 Rb8 23. Qc2 b3 24. Nxb3 Qb4 25. Nb6 Nxb6 26. axb6 Qxb6 27. Nd4 Qxb2
28. Bxa6 Qxc2 29. Rxc2 Rb6 30. Be2 Kf8 31. h4 Nf6 32. g3 Bb7 33. Ra1 Ne8 34.
Ra5 Ke7 35. Bf3 Ra8 36. Rxa8 Bxa8 37. Rc5 Bb7 38. Ra5 Nc7 39. Kg2 Kf6 40. Ne2
Ra6 41. Rc5 Rc6 42. Ra5 Ra6 43. Rxa6+ Bxa6 44. Nd4 Bd3 45. Bg4 Nb5 46. Nc6 Nc3
47. Bc8 h6 48. Bg4 1/2-1/2

[Event "Quebec-ch classe A"]
[Site "Montreal CAN"]
[Date "2004.11.13"]
[Round "3"]
[White "Gravel, Simon M"]
[Black "Roussel-Roozmon, Thomas"]
[Result "0-1"]
[WhiteElo "2276"]
[BlackElo "2428"]
[PlyCount "60"]
[EventDate "2004.11.12"]
[EventType "swiss"]
[EventRounds "5"]
[EventCountry "CAN"]

1. e4 c5 2. Nf3 Nc6 3. Nc3 e6 4. d4 cxd4 5. Nxd4 Qc7 6. g3 a6 7. Bg2 Nf6 8. O-O
Bc5 9. Be3 Ne5 10. Bf4 d6 11. Nb3 Ba7 12. h3 b5 13. a4 b4 14. Na2 a5 15. c3 Ba6
16. cxb4 Bxf1 17. Qxf1 O-O 18. Nxa5 Qc2 19. Nb7 Qxb2 20. a5 Bxf2+ 21. Kh1 Nh5
22. Nxd6 Bxg3 23. Be3 Bh4 24. Qb1 Qe2 25. Qc1 Nf3 26. Bf4 Ne1 27. Qd2 Qxg2+ 28.
Qxg2 Nxg2 29. Bh2 Ngf4 30. Nc3 Rfb8 0-1

[Event "Quebec-ch classe A"]
[Site "Montreal CAN"]
[Date "2004.11.14"]
[Round "4"]
[White "Roussel-Roozmon, Thomas"]
[Black "Mikanovic, Goran"]
[Result "1-0"]
[WhiteElo "2428"]
[BlackElo "2346"]
[PlyCount "89"]
[EventDate "2004.11.12"]
[EventType "swiss"]
[EventRounds "5"]
[EventCountry "CAN"]

1. e4 c5 2. Nf3 e6 3. d4 cxd4 4. Nxd4 Nc6 5. Nc3 Qc7 6. Be3 a6 7. Qd2 Nf6 8.
O-O-O Bb4 9. f3 Ne5 10. Nb3 d5 11. Bd4 O-O 12. Qg5 Bd6 13. Kb1 dxe4 14. fxe4
Ned7 15. Bxf6 Nxf6 16. Rxd6 Qxd6 17. e5 Qd8 18. exf6 Qxf6 19. Qxf6 gxf6 20. a4
Bd7 21. Bd3 f5 22. Rf1 Rac8 23. g3 Kg7 24. Rf4 Rg8 25. Kc1 Kf8 26. Be2 Bc6 27.
a5 Ke7 28. Nc5 Rc7 29. b4 Rg5 30. Kd2 Rc8 31. Ke3 Rg6 32. Rh4 Rg7 33. Nd1 Rd8
34. c4 f6 35. Nf2 Rh8 36. Nfd3 Rd8 37. Nf4 Rd6 38. Bd3 e5 39. Ne2 Kf8 40. Bxf5
Kg8 41. Nc3 Rd4 42. Rxd4 exd4+ 43. Kxd4 Re7 44. Be6+ Kg7 45. Bd5 1-0

[Event "Quebec-ch classe A"]
[Site "Montreal CAN"]
[Date "2004.11.14"]
[Round "5"]
[White "Lawson, Eric"]
[Black "Roussel-Roozmon, Thomas"]
[Result "1-0"]
[WhiteElo "2401"]
[BlackElo "2428"]
[PlyCount "165"]
[EventDate "2004.11.12"]
[EventType "swiss"]
[EventRounds "5"]
[EventCountry "CAN"]

1. d4 Nf6 2. Bg5 e6 3. e4 h6 4. Bxf6 Qxf6 5. Nc3 d6 6. Qd2 g5 7. g3 Bg7 8. Nb5
Qe7 9. c3 a6 10. Na3 Nc6 11. Nc2 Bd7 12. O-O-O O-O-O 13. Kb1 d5 14. exd5 exd5
15. Bd3 Be6 16. f4 gxf4 17. Qxf4 h5 18. Ne2 Qd7 19. Qf2 Ne7 20. Nf4 Rdf8 21.
Rde1 Rh6 22. Rhf1 c6 23. Ne3 Kd8 24. Bc2 Kc7 25. Neg2 Nc8 26. Nd3 b6 27. Ne5
Bxe5 28. Rxe5 Nd6 29. Qf4 Rhh8 30. Nh4 Rfg8 31. Bd1 Bg4 32. Bxg4 Rxg4 33. Qf6
Re8 34. Rxh5 Nc4 35. Rh7 Nd2+ 36. Kc2 Nxf1 37. Rxf7 Ne3+ 38. Kd3 Rge4 39. Nf5
Nc4 40. b3 Nb2+ 41. Kc2 Re2+ 42. Kb1 Qxf7 43. Qxf7+ Kb8 44. Nd6 R8e7 45. Qf8+
Kc7 46. Nf7 Nd1 47. Qd8+ Kb7 48. Nd6+ Ka7 49. Qxe7+ Rxe7 50. Nc8+ Kb7 51. Nxe7
Nxc3+ 52. Kc2 Ne4 53. g4 Kc7 54. h4 Kd7 55. Ng6 Ke6 56. Ne5 c5 57. Nf3 cxd4 58.
Nxd4+ Ke5 59. Ne2 Nf2 60. g5 Kf5 61. Kc3 Kg4 62. Kd4 Kxh4 63. g6 Ng4 64. Kxd5
Kg5 65. g7 Nf6+ 66. Kc6 b5 67. Kb6 Kg6 68. Kxa6 b4 69. Kb5 Kxg7 70. Kxb4 Kf7
71. Kb5 Ke7 72. Kc6 Kd8 73. b4 Kc8 74. Nc3 Nd7 75. a4 Nb8+ 76. Kb6 Nd7+ 77. Ka7
Nb8 78. b5 Nd7 79. Ne4 Kc7 80. a5 Nc5 81. b6+ Kc6 82. b7 Nd7 83. Nf6 1-0

[Event "Montreal int-A"]
[Site "Montreal CAN"]
[Date "2004.08.05"]
[Round "2"]
[White "Bluvshtein, Mark"]
[Black "Roussel-Roozmon, Thomas"]
[Result "1/2-1/2"]
[WhiteElo "2462"]
[BlackElo "2451"]
[PlyCount "103"]
[EventDate "2004.08.04"]
[EventType "tourn"]
[EventRounds "11"]
[EventCountry "CAN"]

1. e4 e5 2. Nf3 Nc6 3. d4 exd4 4. Nxd4 Bc5 5. Be3 Qf6 6. c3 Nge7 7. g3 d5 8.
Bg2 Bxd4 9. cxd4 dxe4 10. Nc3 O-O 11. O-O Bf5 12. d5 Rad8 13. Qb3 Nd4 14. Bxd4
Qxd4 15. Qxb7 Qb6 16. Qxb6 axb6 17. Rad1 Rd7 18. Nxe4 Nxd5 19. Nc5 bxc5 20.
Rxd5 Rxd5 21. Bxd5 Rd8 22. Bc4 Be6 23. Rc1 Rd2 24. Bxe6 fxe6 25. Rxc5 Rxb2 26.
a4 Ra2 27. a5 c6 28. Rxc6 Rxa5 29. Rxe6 Kf7 30. Rb6 h5 31. Kg2 Ra4 32. Rb5 g6
33. h4 Ra3 34. Re5 Kf6 35. Re3 Ra2 36. Kf3 Kf5 37. Rb3 Ra5 38. Kg2 Kf6 39. Rf3+
Kg7 40. Rf4 Ra3 41. Re4 Kf6 42. f3 Ra2+ 43. Kh3 Ra3 44. Rf4+ Kg7 45. g4 hxg4+
46. Kxg4 Ra5 47. Rb4 Kf6 48. Re4 Rb5 49. Re1 Rb4+ 50. f4 Rb2 51. Re3 Rb1 52.
Re2 1/2-1/2

[Event "Montreal int-A"]
[Site "Montreal CAN"]
[Date "2004.08.06"]
[Round "3"]
[White "Roussel-Roozmon, Thomas"]
[Black "Huzman, Alexander"]
[Result "0-1"]
[WhiteElo "2451"]
[BlackElo "2588"]
[PlyCount "60"]
[EventDate "2004.08.04"]
[EventType "tourn"]
[EventRounds "11"]
[EventCountry "CAN"]

1. d4 d5 2. c4 c6 3. Nf3 e6 4. Qc2 Nf6 5. g3 dxc4 6. Qxc4 b5 7. Qc2 Bb7 8. Bg2
Nbd7 9. a4 c5 10. O-O b4 11. a5 Rc8 12. Qd1 Be7 13. Nbd2 c4 14. Ne1 Qc7 15.
Ndf3 Bd6 16. Nc2 O-O 17. Qe1 c3 18. bxc3 Qxc3 19. Qxc3 Rxc3 20. Ne3 Ba6 21. Re1
Rfc8 22. Bd2 Ra3 23. Kf1 Ne4 24. Reb1 Rxa1 25. Rxa1 b3 26. Ke1 b2 27. Rb1 Ba3
28. Ne5 Nxd2 29. Kxd2 Nxe5 30. dxe5 Rc1 0-1

[Event "Montreal int-A"]
[Site "Montreal CAN"]
[Date "2004.08.07"]
[Round "4"]
[White "Roussel-Roozmon, Thomas"]
[Black "Nataf, Igor A"]
[Result "1/2-1/2"]
[WhiteElo "2451"]
[BlackElo "2553"]
[PlyCount "56"]
[EventDate "2004.08.04"]
[EventType "tourn"]
[EventRounds "11"]
[EventCountry "CAN"]

1. d4 Nf6 2. c4 g6 3. Nf3 Bg7 4. Nc3 d5 5. Qb3 dxc4 6. Qxc4 O-O 7. e4 a6 8. e5
b5 9. Qb3 Nfd7 10. Be3 c5 11. e6 cxd4 12. Bxd4 Bxd4 13. Nxd4 Nc5 14. exf7+ Rxf7
15. Qd5 Qxd5 16. Nxd5 Nbd7 17. b4 Bb7 18. Nc7 Rc8 19. Ncxb5 Na4 20. Na7 Rc7 21.
Ne6 Rc2 22. Nd4 Rc7 23. Ne6 Rc3 24. Nd8 Rf4 25. Nxb7 Re4+ 26. Kd2 Rd4+ 27. Ke1
Re4+ 28. Kd2 Rd4+ 1/2-1/2

[Event "Montreal int-A"]
[Site "Montreal CAN"]
[Date "2004.08.08"]
[Round "5"]
[White "Efimenko, Zahar"]
[Black "Roussel-Roozmon, Thomas"]
[Result "1-0"]
[WhiteElo "2572"]
[BlackElo "2451"]
[PlyCount "69"]
[EventDate "2004.08.04"]
[EventType "tourn"]
[EventRounds "11"]
[EventCountry "CAN"]

1. e4 e5 2. Nf3 Nc6 3. Bb5 Nge7 4. c3 d6 5. d4 Bd7 6. O-O Ng6 7. Be3 Be7 8.
Nbd2 O-O 9. a4 Kh8 10. h3 a6 11. Bd3 exd4 12. Nxd4 Nxd4 13. cxd4 f5 14. exf5
Bxf5 15. Bxf5 Rxf5 16. Qb3 Rb8 17. Rac1 c6 18. Nc4 d5 19. Ne5 Bd6 20. Qd3 Qc8
21. f4 Rf6 22. Rf2 Qc7 23. Qe2 Rbf8 24. Qg4 Re8 25. Qh5 Ref8 26. Rcf1 Kg8 27.
Kh1 Rd8 28. Ng4 Rf7 29. f5 Nf8 30. f6 Ng6 31. fxg7 Rxf2 32. Rxf2 Kxg7 33. Bg5
Be7 34. Bh6+ Kg8 35. Qf5 1-0

[Event "Montreal int-A"]
[Site "Montreal CAN"]
[Date "2004.08.09"]
[Round "6"]
[White "Roussel-Roozmon, Thomas"]
[Black "Moiseenko, Alexander"]
[Result "0-1"]
[WhiteElo "2451"]
[BlackElo "2640"]
[PlyCount "84"]
[EventDate "2004.08.04"]
[EventType "tourn"]
[EventRounds "11"]
[EventCountry "CAN"]

1. d4 Nf6 2. c4 e6 3. Nf3 b6 4. g3 Ba6 5. b3 b5 6. cxb5 Bxb5 7. Bg2 d5 8. O-O
Nbd7 9. Nc3 Ba6 10. Bb2 Bd6 11. Rc1 O-O 12. Na4 Bb5 13. Nc5 a5 14. Qc2 Qe7 15.
Rfe1 Rfc8 16. Ne5 Nxc5 17. dxc5 Bxe5 18. Bxe5 Nd7 19. Bb2 Bc6 20. e4 dxe4 21.
Bxe4 Bxe4 22. Rxe4 Rd8 23. Ra4 Nf6 24. Qc3 Rd5 25. Rxa5 Rad8 26. c6 Rd2 27. Rc2
Rd1+ 28. Kg2 h6 29. Qc5 Qxc5 30. Raxc5 Nd5 31. Rb5 f6 32. Rb7 Ra8 33. a3 Kf7
34. h4 g5 35. h5 e5 36. a4 Ke6 37. Rb5 f5 38. Re2 e4 39. Rb7 Rg8 40. b4 Nf4+
41. gxf4 gxf4+ 42. Kh2 f3 0-1

[Event "Montreal int-A"]
[Site "Montreal CAN"]
[Date "2004.08.12"]
[Round "8"]
[White "Roussel-Roozmon, Thomas"]
[Black "Zugic, Igor"]
[Result "1/2-1/2"]
[WhiteElo "2451"]
[BlackElo "2465"]
[PlyCount "76"]
[EventDate "2004.08.04"]
[EventType "tourn"]
[EventRounds "11"]
[EventCountry "CAN"]

1. d4 e6 2. c4 b6 3. a3 Bb7 4. Nc3 d5 5. cxd5 exd5 6. Nf3 Nf6 7. Bg5 Be7 8. Qb3
O-O 9. Rd1 h6 10. Bxf6 Bxf6 11. e3 Re8 12. Be2 c6 13. O-O Nd7 14. Qa2 a5 15.
Rc1 Be7 16. Bd3 Bd6 17. e4 dxe4 18. Nxe4 Bf4 19. Rcd1 Nf6 20. Rfe1 Nd5 21. Bc4
Qd7 22. Bxd5 cxd5 23. Nc3 f6 24. Qb3 Bc7 25. a4 Rad8 26. Rc1 Rxe1+ 27. Rxe1 Kf7
28. Qc2 Bd6 29. h3 Kg8 30. Qg6 Qf7 31. Qd3 Re8 32. Qb5 Rxe1+ 33. Nxe1 Qe6 34.
Nc2 Bf4 35. Qd3 Kf7 36. Ne3 Bc6 37. Qe2 g6 38. Qf3 Bxe3 1/2-1/2

[Event "Montreal int-A"]
[Site "Montreal CAN"]
[Date "2004.08.13"]
[Round "9"]
[White "Rozentalis, Eduardas"]
[Black "Roussel-Roozmon, Thomas"]
[Result "1-0"]
[WhiteElo "2619"]
[BlackElo "2459"]
[PlyCount "85"]
[EventDate "2004.08.04"]
[EventType "tourn"]
[EventRounds "11"]
[EventCountry "CAN"]

1. e4 e5 2. Nf3 Nc6 3. Bb5 Nge7 4. c3 d6 5. d4 Bd7 6. O-O Ng6 7. d5 Nb8 8. c4
Be7 9. Nc3 O-O 10. Bxd7 Nxd7 11. Qc2 Nh4 12. Nxh4 Bxh4 13. g3 Bg5 14. f4 exf4
15. gxf4 Bh6 16. Be3 Qh4 17. Rae1 Rae8 18. Nb5 Nf6 19. Bc1 Re7 20. Nd4 g6 21.
Qg2 Bg7 22. Nf3 Qg4 23. e5 Qxg2+ 24. Kxg2 Nd7 25. b3 Rd8 26. Ba3 Bf8 27. Nd4 a6
28. e6 Nf6 29. f5 Bg7 30. Bb2 Nh5 31. Re2 Rf8 32. Ref2 c5 33. dxc6 Bxd4 34.
Bxd4 fxe6 35. c5 exf5 36. cxd6 Re6 37. cxb7 Nf6 38. Bxf6 Rexf6 39. Rd2 Rb8 40.
d7 Rff8 41. d8=Q Rfxd8 42. Rxd8+ Rxd8 43. Rc1 1-0

[Event "Quebec op"]
[Site "Montreal CAN"]
[Date "2004.07.17"]
[Round "1"]
[White "Roussel-Roozmon, Thomas"]
[Black "Patterson, Roger"]
[Result "1-0"]
[WhiteElo "2455"]
[BlackElo "2236"]
[PlyCount "79"]
[EventDate "2004.07.17"]
[EventType "swiss"]
[EventRounds "9"]
[EventCountry "CAN"]

1. d4 Nf6 2. c4 e6 3. Nc3 Bb4 4. Qc2 O-O 5. a3 Bxc3+ 6. Qxc3 Ne4 7. Qc2 f5 8.
g3 Nc6 9. Nf3 Qf6 10. Be3 d6 11. d5 Ne5 12. Nxe5 dxe5 13. Bg2 exd5 14. cxd5 Nd6
15. Qxc7 f4 16. Bc5 Rd8 17. Bxd6 Rxd6 18. O-O Bg4 19. Qxb7 Rf8 20. f3 Rf7 21.
Qa8+ Rd8 22. Qc6 Rd6 23. Qc5 Bf5 24. Rad1 Qd8 25. Rd2 Rc7 26. Qa5 Rcd7 27.
Qxd8+ Rxd8 28. Rfd1 Be6 29. e4 fxe3 30. Re2 Rxd5 31. Rxd5 Rxd5 32. Rxe3 Kf7 33.
Kf2 Rb5 34. b4 Kf6 35. Bf1 Rb7 36. Rc3 Bd5 37. Ke3 h6 38. b5 Rd7 39. a4 Ke6 40.
Bh3+ 1-0

[Event "Quebec op"]
[Site "Montreal CAN"]
[Date "2004.07.18"]
[Round "2"]
[White "Milicevic, Goran"]
[Black "Roussel-Roozmon, Thomas"]
[Result "0-1"]
[WhiteElo "2386"]
[BlackElo "2455"]
[PlyCount "84"]
[EventDate "2004.07.17"]
[EventType "swiss"]
[EventRounds "9"]
[EventCountry "CAN"]

1. d4 Nf6 2. Nc3 d5 3. Bg5 Nbd7 4. f3 h6 5. Bh4 c5 6. e3 e6 7. Nh3 Be7 8. Be2
a6 9. O-O b5 10. Qd2 O-O 11. Nd1 Bb7 12. c3 Qb6 13. Kh1 Rfe8 14. Ndf2 e5 15.
Bd3 Ne4 16. Bxe4 dxe4 17. Bxe7 exf3 18. d5 fxg2+ 19. Kxg2 Rxe7 20. e4 f5 21. b3
c4 22. bxc4 Nf6 23. cxb5 axb5 24. Rab1 fxe4 25. Qe2 Nxd5 26. Rxb5 Qg6+ 27. Kh1
e3 28. Rxb7 Rxb7 29. Qf3 Rd7 30. Ng4 Re8 31. c4 Nf4 32. Nxe5 Rxe5 33. Nxf4 Qe4
34. Qxe4 Rxe4 35. Ne2 Rd2 36. Re1 Rxc4 37. Kg2 Rxa2 38. Kf3 Rh4 39. Kg3 Rh5 40.
h3 Re5 41. Kf4 Re8 42. Kf3 g5 0-1